Underwriting and extra risks in life insurance

Na minha lista:
Detalhes bibliográficos
Autor principal: Sakálová, Katarína, 1955-
Formato: Livro
Idioma:inglês
Publicado em: Bratislava 2005
Assuntos:
Tags: Adicionar Tag
Sem tags, seja o primeiro a adicionar uma tag!

MARC

LEADER 00000nlm$a2200000$$$4500
001 0112661
005 20240502072242.8
041 0 |a eng 
044 |a SK 
245 1 0 |a Underwriting and extra risks in life insurance  |c Katarína Sakálová 
264 1 |a Bratislava  |c 2005 
610 2 0 |a poistenie životné 
610 2 0 |a riziko 
100 1 |a Sakálová, Katarína, 1955-